000 00923cab a2200265 4500
001 WB2938-19
008 090401t1993 xxu||||| |||| 00| 0 eng d
035 _a(Sirsi) u48032
041 _aeng
245 _aLandlords` red tape streamlined
260 _c1993
350 _a0
490 _aDaily Telegraph
_v13 October 1993, 2
490 _aDoE News Release
_v(655) 12 October 1993
490 _aIndependent
_v16 October 1993, 45(5)
520 _aNew procedures under the Housing Act 1988 will ease landlords` recovery of property from tenants in cases where they have undisputed right to possession.
650 _aASSURED SHORTHOLD TENANCIES
650 _aASSURED TENANCIES
650 _aHOUSING ACT 1988
650 _aPOSSESSION
650 _aPROPERTY-RESIDENTIAL PROPERTY-RESIDENTIAL LANDLORD AND TENANT-RESIDENTIAL TENANCIES
690 _aLandlord and tenant
_96252
942 _n0
948 _c04/03/1997
999 _c30188
_d30188